| 000 | 00435nam a22001697a 4500 | ||
|---|---|---|---|
| 005 | 20180327114540.0 | ||
| 008 | 160611b xxu||||| |||| 00| 0 eng d | ||
| 020 | _a978-81-203-3096-2 | ||
| 041 | _aeng | ||
| 082 |
_b6935 _a338.88 |
||
| 100 |
_aCherunilarn, Francis _91708 |
||
| 245 | _aInternational Business Text & Cases | ||
| 260 |
_aNew Delhi _bPHI Learning Pvt. Ltd. |
||
| 300 | _a817 | ||
| 650 |
_aManagement _9241 |
||
| 942 | _cBK | ||
| 999 |
_c2415 _d2414 |
||